| 000 | 00964nam a22003257a 4500 | ||
|---|---|---|---|
| 003 | CHAP | ||
| 005 | 20220817043742.0 | ||
| 008 | 010201d2000 it rn 00110 spa d | ||
| 010 | _a83426 | ||
| 011 | _a84398 | ||
| 020 | _a9253044187 | ||
| 035 | _a94918 | ||
| 040 | _cCHAP | ||
| 082 | 0 | 4 |
_a633.1 _bF32Y 1998-99 |
| 110 | 2 | _aFAO | |
| 245 | 1 | 0 |
_aExamen de las políticas cerealistas : _b1998-99 _c/por FAO |
| 260 |
_aRoma : _bFAO, _c2000. |
||
| 300 | _a42 p. | ||
| 590 |
_aBATCH-UPD _b10 _c20130110 _lUCH01 _h1249 |
||
| 590 |
_aBATCH-UPD _b10 _c20130410 _lUCH01 _h0811 |
||
| 590 |
_aBATCH-UPD _b10 _c20130914 _lUCH01 _h0915 |
||
| 590 |
_aCONVERSION _b10 _c20130109 _lUCH01 _h1346 |
||
| 650 | 1 | 4 |
_aCereales. _921370 |
| 650 | 1 | 4 |
_aPolítica alimentaria. _990389 |
| 650 | 1 | 4 |
_aPolítica cerealera. _990456 |
| 901 | _aBK | ||
| 905 | _aPatricia Mendoza P. | ||
| 942 | _cLIBRO | ||
| 949 |
_a633.1 F32Y _bBC _cFAO _d33724000814745 _eFAO1 _f1998-99 _h99457 _i94918 _kDonaciØn _si |
||
| 999 |
_c83426 _d83426 |
||